| 000 | 00573nam a2200205Ia 4500 | ||
|---|---|---|---|
| 001 | 8521 | ||
| 003 | GE_BSU | ||
| 008 | 181216s||||||||xx |||||||||||||| ||und|| | ||
| 040 | _cGE_BSU | ||
| 080 | _a821.353.1-1 | ||
| 100 | _aვარდოშვილი,ხარიტონ | ||
| 245 | _aლექსები | ||
| 245 | _cრედ. ა. მაშაშვილი | ||
| 260 | _aთბილისი | ||
| 260 | _bსაბჭოთა მწერალი | ||
| 260 | _c1943 | ||
| 300 | _a52გვ.16სმ. | ||
| 653 | _aლექსები | ||
| 942 | _cBK | ||
| 999 |
_c41838 _d41838 |
||